[Event "Reggio Emilia 50th"]
[Site "Reggio Emilia"]
[Date "2008.01.06"]
[Round "9"]
[White "Ni, Hua"]
[Black "Marin, Mihail"]
[Result "1-0"]
[WhiteElo "2641"]
[BlackElo "2551"]
[Annotator "Marin,M"]
[PlyCount "83"]
[EventDate "2007.12.29"]
[EventType "tourn"]
[EventRounds "9"]
[EventCountry "ITA"]
[EventCategory "16"]
[SourceTitle "CBM 122"]
[Source "ChessBase"]
[SourceDate "2008.01.30"]
[SourceVersion "1"]
[SourceVersionDate "2008.01.30"]
[SourceQuality "1"]

1. e4 e5 2. Nf3 Nc6 3. Bc4 {Judging from the games available in the database,
Ni Hua took up the Italian Game specially for this tournament. Earlier he
played the Scotch Opening and the Ruy Lopez.} Bc5 4. c3 Nf6 5. d4 exd4 6. e5 {
This move is probably unjustly considered as inoffensive. Unfortunately, I had
no time to prepare properly against it, because I finished my previous game 
(with Korchnoi) quite late and the last round was scheduled in the morning.} d5
7. Bb5 Ne4 8. cxd4 Bb6 9. Nc3 O-O 10. Be3 Bg4 11. Qc2 ({White can avoid the
deviation mentioned on the 13th move with} 11. Bxc6 bxc6 {, but this exchange
consolidates Black's centre too soon.} 12. Qc2 (12. Qa4 f6 13. exf6 (13. Qxc6
Nxc3 14. bxc3 Bxf3 15. gxf3 fxe5 16. dxe5 Bxe3 17. fxe3 Rxf3 $15 {1/2-1/2
Macieja,B (2592)-De la Paz,F (2456)/Merida 2005/CBM 111 (96)}) 13... Bxf3 14.
fxg7 Re8 15. gxf3 Nxf2 $1 16. Kxf2 Qh4+ 17. Ke2 Bxd4 18. Ne4 (18. Nd1 Qf4 $19)
18... Bxe3 19. Kxe3 Rxe4+ $1 20. fxe4 Re8 21. Rhg1 $8 (21. Kd2 Qf4+ 22. Kc3
Rxe4 23. Qxe4 Qxe4 24. Rhg1 Qe3+ 25. Kc2 Qe2+ 26. Kc3 c5 $19) (21. Rag1 Rxe4+
22. Qxe4 Qxe4+ 23. Kd2 c5 $17) 21... Rxe4+ 22. Qxe4 Qxe4+ 23. Kd2 $11 {De la
Paz}) 12... f5 $5 {(As can be seen from a later comment, this move is not
possible in the absence of the exchange on c6).} 13. exf6 Qxf6 14. Ne5 Bf5 15.
Qa4 (15. Qb3 Rab8) 15... c5 16. Nxd5 Qd6 $36) 11... Bxf3 (11... f5 $2 12. Nxd5
$1) ({In the first round of the tournament, Ni Hua faced the less principled
answer} 11... Bf5 12. Qb3 Ne7 13. Be2 c6 14. O-O f6 15. exf6 (15. Nh4 Nxc3 16.
Qxc3 fxe5 17. dxe5 d4 18. Qc4+ Qd5 $15) 15... Rxf6 16. Ne5 ({I was slightly
worried about} 16. a4 $5 $14) 16... Ng6 17. Na4 Nxe5 18. Nxb6 axb6 19. dxe5 Rg6
20. Bh5 (20. Bxb6 Qg5 21. g3 Nd2 22. Qc3 Nxf1 23. Bxf1 $44 {Black's pawns are
too immobile for my taste.}) 20... Re6 21. f3 Nc5 22. Bxc5 bxc5 23. Qxb7 g6 24.
Bg4 Bxg4 25. fxg4 Qe8 26. Rf7 Qxf7 27. Qxa8+ Qe8 28. Qxe8+ Rxe8 $13 {Ni Hua 
(2641)-Navara,D (2656)/Reggio Emilia 2007/08 (1/2-1/2, 44)}) 12. gxf3 Ng5 13.
Bxc6 bxc6 {After this move, Black's position is at least dangerous.} ({
Therefore,} 13... Nxf3+ $5 {deserves attention:} 14. Ke2 Nxd4+ 15. Bxd4 bxc6
16. Bxb6 axb6 17. Rhe1 Qg5 18. Kf1 Qh5 19. f4 f6 $44 {Fernandez Garcia,J (2450)
-Izeta Txabarri,F (2380)/Bilbao 1987/CBM 003 (1/2-1/2, 26)}) 14. O-O-O $5 (14.
Qa4 $6 Nxf3+ 15. Ke2 f6 $5 16. e6 Ng5 17. Qxc6 Qe8 $1 $15 {Sveshnikov,
E-Balashov,Y/USSR 1985 (1-0, 41)}) ({Against} 14. Qf5 {I had prepared} f6 $5
$146 (14... Ne6 {has been played in no less than 3 games between the same
players: Alonso,Y (2277)-Valdes,L (2375)/Cuba 2005. Cuban analysis in Chess
Informant claims that Black is doing fine, but I did not like the kingside
pressure exerted by White.}) 15. O-O-O (15. exf6 h6 $1) (15. Rd1 Bxd4 $1 $132
16. Rxd4 $2 fxe5 $17) 15... g6 16. Qg4 Qc8 17. Qxc8 Raxc8 18. f4 Ne6 $13) 14...
Nxf3 15. Qe2 $1 {This move was new to me.} ({Sveshnikov recommended} 15. Qf5
Nh4 16. Qg4 Ng6 17. h4 f5 18. exf6 Qxf6 19. h5 Nf4 20. Rh4 $44 {but after} Ne6
$17 {I see no compensation for White.}) 15... Nh4 (15... Ng5 16. f4 Ne4 17.
Nxe4 dxe4 18. f5 $40) 16. Rhg1 {With his bishop isolated on the queenside,
Black faces serious problems stopping White's slow but logical attack.} f6 $6 {
The plan initiated by this move will fail by just one tempo.} (16... Nf5 $6 17.
Qg4 Qc8 18. Bh6 $1 $16) ({Black should probably start with completing his
development with} 16... Qd7 $5 {, although White has plenty of play anyway.}
17. Qh5 (17. Rg4 Nf5 18. Rdg1 Qe6 $15) (17. Bg5 Qf5 $5 (17... Ng6 18. h4 $40) (
17... Nf5 18. Qg4 g6 19. Rd3 $40) 18. Rg3 (18. Bxh4 Qf4+ 19. Qe3 Qxh4 20. f4 f5
$13) 18... Ng6 (18... Rae8 19. Qh5 $40) 19. h4 $5 Nxh4 20. Bxh4 Qf4+ 21. Qe3
Qxh4 22. f4 $44) 17... Nf5 (17... Ng6 $2 18. Rg3 $40) 18. Bh6 Nxh6 19. Qxh6 (
19. Rxg7+ Kxg7 20. Qg5+ Kh8 21. Qf6+ Kg8 22. Rg1+ Ng4 23. h3 h5 $11 24. hxg4 $2
Kh7 $1 25. g5 Qe6 26. g6+ Kh6 27. Qg5+ Kg7 28. gxf7+ Kxf7 29. Qxh5+ Ke7 30. Rg6
Qf7 $17) 19... f6 20. e6 Qe7 21. Ne2 $44) 17. Qh5 $1 (17. exf6 $6 Qxf6 $1 18.
Bg5 Qf7 19. Bxh4 Qf4+ $15) 17... Ng6 18. Rg3 $40 {[%cal Gg3h3] White's attack
develops by simple means.} fxe5 $6 (18... Rf7 $6 19. e6 Re7 20. f4 f5 21. Qxf5
Nf8 22. Qg4 Nxe6 23. f5 $18) (18... Re8 $5 19. f4 (19. Rh3 Nf8 20. f4 $44)
19... fxe5 20. fxe5 $44 {Black has managed to stabilise the position, but his
kingside remains under pressure.}) 19. Rh3 Qf6 $6 {This seems to be the losing
move.} ({However, the fact that} 19... Kf7 {is the only way to keep Black
alive says a lot about Black's situation in general.}) 20. Rg1 $1 $18 exd4 (
20... Nf4 21. Qxh7+ Kf7 22. dxe5 Qxe5 23. Rf3 $1 {Ni Hua} (23. Bxf4 Qxf4+ 24.
Kb1 Bd4 25. Ne2 Qxf2 $13) 23... Ke8 24. Bxb6 Ne2+ (24... axb6 25. Re3 $18) 25.
Nxe2 Rxf3 26. Bc5 $18) 21. Qxh7+ Kf7 22. Rxg6 Qxg6 23. Rf3+ Qf6 24. Rxf6+ Kxf6
25. Qh4+ Ke5 26. Qe7+ Kf5 27. Qd7+ (27. Qg5+ Ke6 28. Qg4+ Ke5 29. Qxg7+ Rf6 30.
Bg5 $18) 27... Kg6 28. Bxd4 Bxd4 29. Qg4+ Kh7 30. Qxd4 Rf6 31. Nd1 a6 32. Ne3
Re8 33. Ng4 Rfe6 34. Qd3+ Kh8 35. Qxa6 c5 36. Qd3 c4 37. Qh3+ (37. Qxd5 Re1+
38. Kc2 R8e2+ 39. Kc3 Rc1+ 40. Kb4 Rxb2+ 41. Kc5 $18 Rxa2 42. Qh5+ Kg8 43. Qe8+
Kh7 44. Nf6+ gxf6 45. Qf7+ Kh8 46. Qxf6+ Kh7 47. Qh4+ Kg7 48. Qg5+ Kf7 49. Qxc1
$18) 37... Kg8 38. Ne3 c6 39. Qg4 Rf6 40. Qd7 Re4 41. Nf5 Rf7 (41... Re1+ 42.
Kd2 Rg1 43. Qe8+ Kh7 44. Ne7 $40) 42. Qd8+ 1-0

[Event "Reggio Emilia 50th"]
[Site "Reggio Emilia"]
[Date "2007.12.29"]
[Round "1"]
[White "Tiviakov, Sergei"]
[Black "Marin, Mihail"]
[Result "0-1"]
[WhiteElo "2643"]
[BlackElo "2551"]
[Annotator "Marin,M"]
[PlyCount "88"]
[EventDate "2007.12.29"]
[EventType "tourn"]
[EventRounds "9"]
[EventCountry "ITA"]
[EventCategory "16"]
[SourceTitle "CBM 122"]
[Source "ChessBase"]
[SourceDate "2008.01.30"]
[SourceVersion "1"]
[SourceVersionDate "2008.01.30"]
[SourceQuality "1"]

1. e4 e5 2. Nf3 Nc6 3. Bc4 ({I expected} 3. Bb5 a6 4. Ba4 Nf6 5. Qe2 {, of
course.}) 3... Bc5 4. c3 Nf6 5. d3 a6 6. Bb3 O-O 7. Bg5 {I knew that my
opponent tries to deviate from the classical paths of the Giuoco Pianisimo as
soon as possible and that one of his mehtods is to pin the f6-knight. This
partly explains why I did not retreat with the bishop to a7 yet.} h6 8. Bh4 Be7
$5 ({Since White has not castled short yet, it is dangerous to play} 8... g5 $6
{, for instance:} 9. Bg3 d6 10. Nbd2 Bg4 11. h3 Bh5 12. Qe2 Bg6 13. h4 Nh5 14.
hxg5 Nxg3 15. fxg3 hxg5 16. O-O-O Kg7 17. Nc4 f6 18. d4 exd4 19. cxd4 Ba7 20.
Ne3 Re8 21. Bc2 Qe7 22. e5 $40 {Ivanchuk-Marin,M/Ciudad Real blitz 2007 (1-0,
28)}) 9. Nbd2 (9. Bg3 d5 $5) 9... d6 ({When I looked at the whole variation,
shortly after my blitz game against Ivanchuk, I planned to play} 9... Nh5 10.
Bg3 Nxg3 (10... d6 $6 11. Nc4 (11. Nxe5 $1 Nxe5 12. Bxe5 dxe5 13. Qxh5 Qxd3 14.
Qxe5 $14) 11... Nf4 $2 (11... Nxg3 $1 $11) 12. Bxf4 exf4 13. Qd2 $14 {Zaitsev,
M (2466)-Harikrishna,P (2599)/playchess.com INT 2004/CBM 099 ext (1-0, 53)})
11. hxg3 d6 $11 {, but during the game I did not feel like opening the h-file
too soon.}) 10. Bg3 {He was probably worried about ...Nh5 all the same, but I
believe that this voluntary bishop retreat is too passive to offer White an
advantage.} Re8 (10... Nh5 $6 11. Nxe5) 11. Nf1 Bf8 {This was the first round
of the tournament and, not being entirely sure about my sporting form, I aimed
to maintain the position closed for as long as possible. This strategy
eventually proved correct for this specific game, but objectively speaking
Black could have fought for the initiative already.} (11... d5 $5 12. Qe2 a5 $1
13. Nxe5 Nxe5 14. Bxe5 a4 15. Bc2 a3 16. b3 Ng4 17. Bg3 dxe4 18. dxe4 Bf6 $36)
12. Ne3 Be6 13. Bh4 $5 {This is a good moment to put the knight under pin
again, but this bishop has moved quite a lot already.} g6 (13... Be7 14. Bxe6
fxe6 15. Qb3 Qd7 16. O-O $14) 14. Nd2 (14. Bxe6 Rxe6 15. Nd5 Bg7 16. O-O Nb8 {
[%cal Gb8d7]}) 14... Bg7 15. Qf3 {Black seems to be under pressure, but
White's development is a bit artificial. Black only needs to find a way to
over-protect his f6-knight...} Nb8 $5 16. Bc2 Nbd7 17. g4 {My opponent was
inclined towards a slow course of events, too.} ({The dynamic alternative was} 
17. d4 {[%csl Ge6]} Nf8 (17... exd4 18. cxd4 c5 19. d5 Ne5 20. Qg3 $36 {
[%cal Gf2f4]}) 18. O-O-O N8h7 19. dxe5 dxe5 20. Ndc4 Qe7 (20... Qc8 $5 21. Nxe5
Bxa2 $132) 21. Nd5 Bxd5 22. Rxd5 Qe6 23. Rc5 b6 24. Rxc7 Rec8 25. Rxc8+ Rxc8
26. b3 b5 27. Nd2 Ng5 28. Qe3 Bf8 $44) 17... Nf8 18. Nf5 N8h7 $1 (18... gxf5
19. gxf5 Bd7 20. Rg1 $18) 19. Nxg7 $6 {It was tempting to eliminate this
bishop, but the truth is that White releases the pressure too soon.} (19. Rg1
$5 c5 $13) 19... Kxg7 $15 {Black is better developed and has active
possibilities in the centre and on the queenside. White does not have a clear
attacking plan on the kingside.} 20. h3 c5 21. Bg3 {Tiviakov was probably
concerned about preventing the opening of the centre with ...d5, but the
bishop stands badly on g3..} (21. Nf1 {[%csl Gd5,Gf5][%cal Gf1e3]} Ng5 (21...
d5 $5 22. Ne3 d4 $15) 22. Qe3 Qb6 $36 23. b3 $2 Qa5 24. Kd2 d5 $19 {[%csl Gd2]}
) (21. O-O-O Qa5 22. a3 b5 $36 {[%csl Gd4][%cal Gb5b4]}) (21. Qe3 $5) 21... h5
$6 {"One should not move pawns on the wing where one is under pressure."} (
21... Qb6 $5 22. Bb3 (22. O-O-O Bxa2 23. b3 $2 a5 $1 24. Kb2 $2 a4 $1 25. Kxa2
axb3+ $19) (22. b3 Qa5 23. c4 Qc3 $17) 22... Bxb3 23. axb3 d5 $15) 22. gxh5 $6
{A very "cooperative move", after which White's position becomes quite
unappealing because of the weakness of the f4-square.} (22. g5 $5 Nxg5 23. Qg2
{[%cal Gf2f4]} Qd7 {[%csl Gh3]} 24. Bxe5 dxe5 25. Qxg5 Qd6 $13) (22. Bh4 $5)
22... Nxh5 $15 {[%csl Gf4]} 23. a3 Qf6 24. Qe3 b5 25. O-O-O a5 {In order to
stop Black's attack, White has to block the queenside, which leads to chronic
weakness of the dark squares, d4 first of all.} 26. a4 b4 27. c4 Bd7 28. Rdf1
Nf4 {In view of the weakness of the dark squares, an exchange on f4 is out of
the question for White.} 29. Bd1 Rh8 ({I refrained from} 29... Ng5 $1 {because
of} 30. Bh4 Rh8 31. Qg3 {failing to notice that after} Rxh4 $1 32. Qxh4 Nxe4
33. Qxf6+ Nxf6 $17 {Black will win a second pawn.}) 30. h4 Nf8 31. b3 Rh6 32.
Rfg1 (32. h5 g5 33. Rfg1 N8e6 34. Bg4 Rg8 35. Nf3 Kf8 $15) 32... N8e6 33. Bg4
Rah8 34. Nf3 Nf8 $1 {[%csl Gh5] Black forces the exchange of the bishops for
two reasons. First of all, his own bishop was not doing much already, being
covered by the knight. Secondly, the presence of the enemy bishop enables an
eventual break with h5.} 35. Bxf4 $2 (35. Bxd7 Nxd7 36. Nh2 Qe6 $15 37. Bxf4 $2
exf4 38. Qxf4 Rxh4 $19 {[%csl Gh2]}) 35... exf4 $17 36. e5 dxe5 37. Qxc5 (37.
Qxe5 Bc6 $17) 37... e4 38. Nd4 Bxg4 39. Rxg4 Nd7 40. Qa7 (40. Nf5+ Kh7 $19) (
40. Qd6 Qxd6 41. Nf5+ Kf8 42. Nxd6 Ne5 43. Rg2 Nxd3+ 44. Kc2 Rxh4 $19) 40...
Ne5 41. Rg5 (41. Rxf4 Nxd3+) 41... Nxd3+ 42. Kb1 Rd8 43. Rd5 Rxd5 44. cxd5 Rh5
(44... Rh5 45. Ne6+ Kh6 46. Qd4 Qxd4 47. Nxd4 Rxd5 48. Ne2 f3 49. Ng3 Nxf2 50.
Re1 f5 $19) 0-1

[Event "ROM-chT"]
[Site "Predeal"]
[Date "2007.10.18"]
[Round "6"]
[White "Nevednichy, Vladislav"]
[Black "Marin, Mihail"]
[Result "1/2-1/2"]
[WhiteElo "2531"]
[BlackElo "2551"]
[Annotator "Marin,M"]
[PlyCount "194"]
[EventDate "2007.10.13"]
[EventType "team"]
[EventRounds "9"]
[EventCountry "ROU"]
[SourceTitle "CBM 121"]
[Source "ChessBase"]
[SourceDate "2007.11.14"]
[SourceVersion "1"]
[SourceVersionDate "2007.11.14"]
[SourceQuality "1"]

1. e4 e5 2. Nf3 Nc6 3. Bc4 Bc5 4. c3 Nf6 5. d3 a6 6. Bb3 O-O 7. O-O d6 8. h3
Ba7 9. Be3 {This move cannot be found in any opening books. However, in recent
years it has caused Black some trouble in games between strong players. This
game will be no exception. White's idea is that Black cannot afford to play
symmetrically. Bxa7 is a much more unpleasant threat than ...Bxe6. The former
would provoke the undesirable misplacement of one of Black's pieces, while the
latter can be answered comfortably with either Qxb3 or axb3.} Bxe3 (9... Be6
10. Bxe6 {One of the possible continuations.} (10. Nbd2 {is likely to
transpose to the main game. If Black refrains from the exchange on e3 with,
say,} Qe7 {the a7-bishop would remain passive after} 11. d4) 10... fxe6 11.
Bxa7 Rxa7 12. Nbd2 Nd7 13. d4 Qf6 14. Qb3 Nb6 15. Rae1 Na5 16. Qc2 Nc6 17. Qb3
Na5 18. Qd1 Raa8 19. dxe5 dxe5 20. Qe2 $14 {[%csl Re5,Re6] Nevednichy,V (2594)
-Pavasovic,D (2527)/Sibenik 2005/CBM 108 ext (1-0, 60)}) 10. fxe3 {It will not
be easy for Black to question White's domination in the centre. Besides, the
pressure along the f-file is likely to become annoying in the long run.} Be6 (
10... Ne7 $6 {allows} 11. Nh4 $1 $36 {Harikrishna,P (2673)-Sokolov,I (2696)/
Hoogeveen 2005/CBM 110/[Lukacs] (1-0, 40)}) 11. Nbd2 Qe7 $146 {I believe that
this is a good square for the queen, allowing its optimal cooperation with the
knights.} (11... Qd7 12. d4 Bxb3 13. Qxb3 Rfe8 14. Rae1 $14 {[%csl Rf7]}) (
11... Bxb3 12. Qxb3 b5 13. d4 Nd7 14. Rf2 (14. a4 $5 $14) 14... Na5 15. Qc2 c5
16. dxc5 $6 (16. d5 $1 $14 {[%cal Ya1f1] would have led to a similar situation
as after Black's inaccuracy in the main game.}) 16... dxc5 17. c4 Qe7 18. Raf1
Nb6 19. b3 Nc6 $132 {Nevednichy,V (2581)-Jovanic,O (2477)/Nova Gorica 2006/CBM
110 ext (0-1, 41). With the d-file open, White cannot concentrate on his
kingside attack.}) 12. d4 Bxb3 13. Qxb3 Rab8 (13... exd4 14. exd4 (14. Qxb7
dxe3 $1) 14... Nxe4 15. Nxe4 $1 (15. Qxb7 Qd7 $1 16. Qb3 $8 Ng3 17. Rfe1 d5 18.
Qc2 Rae8 19. Qd3 Qd6 20. Qxa6 (20. Nb3 f5 $132 {[%csl Ye4][%cal Gg3e4]}) 20...
Ne2+ $1 $11 21. Rxe2 $2 Nxd4 $1 $17) 15... Qxe4 16. Qxb7 (16. Rae1 Qf5 17. Ne5
Qh5 {is less clear.}) 16... Rab8 17. Qxc7 Rxb2 18. Qxd6 Qe3+ 19. Kh2 Qxc3 20.
Rac1 Rc2 21. Rxc2 Qxc2 22. d5 $14) 14. Rae1 g6 $6 {A stereotypical plan. Black
intends to transfer his king's knight to g7, as in the Czech Benoni. This plan
also works in some lines of the Chigorin Ruy Lopez, but with the f-file under
pressure, Black will not manage to play ...f5 and his knight will remain
passive.} ({Once the white queen's rook has abandoned the a-file,} 14... b5 {
deserves serious attention already.} 15. Rf2 (15. Nh4 {is inoffensive because
of} g6 $1 {[%csl Gh4]}) 15... Nd7 16. Ref1 Nd8 17. Qc2 (17. d5 c6 $132) 17...
c6 (17... Ne6 18. d5 $14 Ng5 19. Nh2 $1) 18. b3 Ne6 19. c4 exd4 20. exd4 c5
$132 21. d5 $6 Nf4 $1 $15 {[%csl Ge5][%cal Gf4g6]}) 15. Rf2 Nh5 16. g4 Ng7 17.
Ref1 Nd8 18. Kh2 (18. d5 $5 $14) 18... Nde6 19. d5 Ng5 20. c4 ({I planned to
meet} 20. Ng1 {with} f5 $6 (20... h5 {is tempting, but weakening the kingside
is risky, especially since the g7-knight will remain passive anyway.}) {
, but White seems to be able to repel Black's "attack".} 21. exf5 gxf5 22. gxf5
e4 23. f6 (23. Rf4 Nh5 24. Rg4 Kh8 $132) 23... Qe5+ 24. Kh1 Nh5 25. Nc4 Qxd5
26. Rd1 {[%cal Gb3g8,Gg2g8]}) 20... Nxf3+ 21. Rxf3 $14 {Black has no
constructive plan and has to play a defensive game.} f6 $6 {Careless.} (21...
c5 $2 22. dxc6 bxc6 23. Rxf7 $1 $16) (21... Kh8 {[%cal Gf7f6]}) 22. R3f2 $6 {
Missing a good chance to open the queenside, too.} (22. c5 $1 dxc5 $2 23. d6+
Qe6 (23... Qf7 24. dxc7 Rbc8 25. Rxf6 Qxb3 26. Rxf8+ Rxf8 27. Rxf8+ Kxf8 28.
c8=Q+ $18) 24. dxc7 Rbc8 25. Qxb7 $16) 22... Rf7 23. Qc2 c5 24. b3 Rbf8 25. a3
a5 26. Rf3 Qd7 27. R1f2 Ne8 28. Qd3 Nc7 29. a4 (29. Nf1 a4 30. b4 cxb4 31. axb4
Na6 32. Qa3 b5 $132) 29... Ne8 30. Nf1 Ng7 {Once the queenside has been
blocked, Black is out of any real danger. White can increase his pressure
gradually, but has little chance of a successfull attack.} 31. Ng3 Ne8 32. Kg2
Ng7 33. Kf1 Ne8 34. Ke1 Ng7 35. Kd2 Ne8 36. Kc2 Ng7 37. Qf1 Ne8 38. Qe1 b6 39.
Qf1 Kh8 40. Qe2 Ng7 41. Rf1 Kg8 42. R3f2 Kh8 43. Kd3 Kg8 44. h4 h6 (44... Kh8
45. h5 g5 46. h6 Ne8 47. Nf5 {looks too passive for Black.}) 45. Rg2 Kh7 46.
Rfg1 Kh8 $11 {By this point, my opponent's team was leading with 3-2 and our
game was the last one left. Nevednichy's team mates were waiting for a good
moment to tell him to offer a draw (which I could hardly have refused), but he
was faster than them and delivered the suicidal blow:} 47. Nf5 $2 (47. Qf3 Kh7
$11 48. Nf5 $2 gxf5 49. gxf5 Rh8 50. Rg6 Kg8 $17) 47... gxf5 48. gxf5 Ne8 $17
49. Rg6 Rh7 50. Qg4 Ng7 51. h5 Rf7 52. Qh4 Qe7 53. R6g2 Kg8 54. Rg6 Kf8 55. Kc3
Ke8 56. Kd3 Kd7 57. R1g4 Ne8 58. Qg3 Rfg7 59. Ke2 Rxg6 60. hxg6 Rh8 61. Rh4 Qg7
62. Rh5 Ke7 63. Qh2 Kf8 64. Kf3 Kg8 65. Qh3 Qf8 66. Qh1 Kg7 67. Qf1 Nc7 68. Qe2
Na6 69. Qf1 Nb8 70. Qh1 Nd7 71. Qe1 Qb8 72. Qe2 Qa7 73. Qc2 Nb8 74. Qe2 Na6 75.
Qf1 Nc7 76. Qe2 Ne8 77. Qc2 Nc7 78. Qe2 Na6 79. Qf1 (79. Qd2 Nb8 80. Qc2 Nd7
81. Rh1 h5 $1 (81... b5 82. axb5 a4 83. bxa4 Nb6 84. Ra1)) 79... Nb8 80. Qe2
Nd7 {I should have executed this manoeuvre with the queen on several squares,
in order to secure half an hour for the rest of the game, but was too ashamed
to do that. Later, when I missed finding the win because of time trouble, I
understood that I was not too professional.} 81. Qc2 b5 82. axb5 $2 (82. cxb5
$17) 82... a4 $19 83. bxa4 Nb6 84. Qc3 Qxa4 85. Rh1 Ra8 (85... Nxc4 86. Ra1
Nd2+ $1 87. Ke2 Nxe4 88. Qc1 (88. Qb2 Qxb5+ $1) 88... Qxb5+ 89. Kf3 Ng5+ 90.
Kg3 h5 $19) 86. Qe1 Qa5 87. Qf1 Rh8 88. Rh2 Qa4 $2 (88... Qa3 $1 {Ioan Cosma}
89. Qb1 Nxc4 90. Ra2 Qxe3+ 91. Kg2 Na3 $19) 89. Qb1 $1 Qxc4 90. Ra2 $44 Ra8 91.
Rxa8 Nxa8 92. b6 Nxb6 93. Qxb6 Qf1+ 94. Kg3 Qg1+ 95. Kf3 Qf1+ 96. Kg3 Qg1+ 97.
Kf3 Qf1+ 1/2-1/2

[Event "Cupa Dinamo"]
[Site "Brasov"]
[Date "1998.??.??"]
[Round "11"]
[White "Svetushkin, Dmitry"]
[Black "Rogozenco, Dorian"]
[Result "1-0"]
[WhiteElo "2415"]
[BlackElo "2495"]
[Annotator "Marin,M"]
[PlyCount "111"]
[EventDate "1998.03.??"]
[EventType "tourn"]
[EventRounds "11"]
[EventCountry "ROU"]
[EventCategory "8"]
[SourceTitle "CBM 063 Extra"]
[Source "ChessBase"]
[SourceDate "1998.04.29"]
[SourceVersion "1"]
[SourceVersionDate "1998.04.29"]
[SourceQuality "1"]

1. e4 e5 2. Nf3 Nc6 3. Bc4 Bc5 4. c3 Nf6 5. d3 a6 6. Bb3 Ba7 7. O-O O-O 8. Re1
d6 9. h3 h6 10. Nbd2 Nh5 11. Nf1 Qf6 12. Be3 Nf4 13. Ng3 g5 14. Nh2 Qg6 15. Qd2
Ne7 16. d4 h5 17. Bc2 Kg7 18. dxe5 dxe5 19. Bxa7 Rxa7 20. Qe3 Qb6 $6 21. Nxh5+
Nxh5 22. Qxg5+ Ng6 23. Qxh5 Qxb2 24. Bb3 Qxc3 25. Rac1 Qb4 26. Nf3 Qe7 $16 27.
Bxf7 $2 (27. Qg5 $142) 27... Rxf7 $2 (27... Qxf7 $142 28. Ng5 $140 $2 Qxf2+ 29.
Kh2 Qxg2+ 30. Kxg2 Nf4+ $19) 28. Ng5 c6 (28... Rf6 29. Rxc7 Qxc7 30. Qh7+) 29.
Re3 (29. Nxf7 $13) 29... Rf6 30. h4 $44 Be6 31. Qh7+ Kf8 32. h5 Bg8 (32... Nf4
$5 33. Qh8+ Bg8 34. Nh7+ Kf7 35. Ng5+ $2 Ke8 36. Qxg8+ Rf8 37. Qc4 Qxg5 $19)
33. Qh6+ Qg7 34. Qxg7+ Kxg7 35. hxg6 Bxa2 36. Nf3 a5 37. Nxe5 a4 38. g3 Bg8 39.
Rd3 b5 40. f4 a3 41. f5 a2 42. Kf2 b4 43. Ng4 b3 44. Rd2 Rb7 45. Rb2 c5 46.
Nxf6 Kxf6 47. Ke3 c4 48. Kf4 Rb6 49. g4 c3 $1 50. Rd2 $3 Rb7 $2 (50... cxd2 $2
51. Rc7 $18) (50... b2 51. Rxc3 b1=Q 52. e5+ Ke7 (52... Kg7 53. Rd7+ $18) 53.
Rc7+ Ke8 54. Rc8+ Ke7 $11) 51. e5+ Kg7 (51... Ke7 52. f6+ Ke8 (52... Ke6 53.
Rd6#) 53. Rxc3 Rb8 (53... Be6 54. Rh3 $18) 54. Rc7 Be6 (54... a1=Q 55. Re7+ Kf8
56. g7#) 55. g7 $18) 52. Kg5 Kf8 (52... cxd2 53. f6+ Kh8 54. Rh1+ Bh7 (54...
Rh7 55. g7#) 55. f7 Rxf7 56. gxf7 Kg7 57. Rf1 Kf8 58. e6 $18) 53. Rxc3 a1=Q $2
(53... Rb8 54. Rc1 b2 55. Rxb2 Rxb2 56. Rc8+ Ke7 57. f6+ Kd7 58. f7 Bxf7 59.
gxf7 Rf2 (59... a1=Q 60. f8=Q) 60. Ra8) 54. Rc8+ Ke7 55. f6+ Ke6 56. Re8+ 1-0